000 00727nmc a2200289 a 4500
003 AR-BaBNM
005 20251128205044.0
008 207019s1994 ||||||||||||||000 | spa||
020 _a950-581-209-4
040 _cAR-BaBNM
100 1 _aSantis, Pablo de
245 1 0 _aAstronauta solo
250 _a1ª ed.
260 _aBuenos Aires
_bColihue
_c1994
300 0 _a86 p.
_bil.
490 0 _aLa Movida
_vv. 15
500 0 _aContiene biografía del autor
650 4 _aLITERATURA INFANTIL
650 4 _aVIAJES
650 4 _aCUENTOS DE AVENTURAS
653 0 _aHISTORIETAS
655 _aLITERATURA
700 1 _aCachimba, Max
_eilustrador
800 1 _aSantis, Pablo de
_edirector
942 _cBK
998 _claura
999 _c9801
_d9801